Normal view
MARC view
Entry Personal Name
001 - CONTROL NUMBER
- control field: 53173
003 - CONTROL NUMBER IDENTIFIER
- control field: OSt
005 - DATE AND TIME OF LATEST TRANSACTION
- control field: 20250516111037.0
008 - FIXED-LENGTH DATA ELEMENTS
- fixed length control field: 250516|| aca||aabn | a|a d
040 ## - CATALOGING SOURCE
- Original cataloging agency: OSt
- Transcribing agency: OSt
100 ## - HEADING--PERSONAL NAME
- Personal name: Kumar, Mahesh and Jena, Asima
670 ## - SOURCE DATA FOUND
- Source citation: Work cat.: (OSt)526357: Kumar, Mahesh and Jena, Asima , Environmental burden in everyday lives of Dalits: A case study of Sanand, Gujarat
